00630 2200205 4500001002100000005001500021035002000036007000300056008004100059020002200100082001100122084001700133100003700150245013500187250001100322260003000333300002100363650002700384990001300411INLIS00000000000011020170911024026 a0010-0917000096ta170911 f 0  a978-979-1486-00-2 a297.73 a297.73 NIZ s0 aNizar, M.Ag, Prof. Dr. H. Samsul1 aSejarah Pendidikan Islam :bMenelusuri Jejak Sejarah Pendidikan Era Rasulullah Sampai Indonesia /cProf. Dr. H. Samsul Nizar, M.Ag acet. 3 aJakarta :bKencana,c2009 a376 hlm ;c23 Cm aPendidikan Agama Islam a1072 732